| 000 | 00569nam a2200193Ia 4500 | ||
|---|---|---|---|
| 003 | GCL | ||
| 008 | 140319s9999 xx 000 0 ara d | ||
| 040 |
_aGCL / _cGCL |
||
| 082 | 0 | 4 |
_a823.043 _bو ه |
| 100 | 1 | _aوليامز, تينسى | |
| 245 | 1 | 0 |
_aهبوط اورفيوس / _cوليامز, تينسى |
| 700 | 1 | _aمحمد سمير عبدالحميد | |
| 300 | _a208 ص | ||
| 490 |
_aمسرحيات عالمية _v0 |
||
| 650 | 0 | 4 | _aالادب |
| 650 | 0 | 4 | _aالادب الانجليزى |
| 650 | 0 | 4 | _aالمسرحيات الانجليزية |
| 942 |
_2ddc _cBK |
||
| 999 |
_c50548 _d50548 |
||